000 00837nam a2200241Ia 4500
003 GCL
008 140319s9999 xx 000 0 ara d
020 _a2106099906
040 _aGCL /
_cGCL
082 0 4 _a616.85
_bو و
100 1 _aوائل ابوهندى
245 1 0 _aالوسواس القهرى :
_bمن منظور عربى اسلامى /
_cوائل ابوهندى
250 _aاالاولى
260 _aالكويت :
_bالمجلس الوطنى للثقافة والفنون والاداب ،
_c2003
300 _a525ص ؛
_c19سم
490 _aعالم المعرفة
_v293
650 0 4 _aالاضطرابات النفسية
650 0 4 _aالعلاج النفسى
650 0 4 _aالامراض النفسية
650 0 4 _aالاعصاب - امراض
650 0 4 _aالوسواس القهرى
942 _2ddc
_cBK
999 _c7772
_d7772